000 00908nam a2200229Ia 4500
003 GCL
008 140319s9999 xx 000 0 ara d
020 _a6133358977
040 _aGCL /
_cGCL
082 0 4 _a658.8
_bط إ
100 1 _aطلعت اسعد عبدالحميد
245 1 0 _aالاتصالات التسويقية المتكاملة طريقك المباشر إلى قلب وفكر العميل :
_bIntegrated Marketing Communications ( I M C ) /
_cطلعت اسعد عبدالحميد
260 _aالقاهرة :
_bدار الفجر للنشر والتوزيع ،
_c2006
300 _a360 ص ؛
_c24 سم
650 0 4 _aالتسويق
650 0 4 _aالعرض والطلب
650 0 4 _aالاستراتيجية التنافسية
650 0 4 _aادارة المبيعات
650 0 4 _aالكفاية التسويقية
650 0 4 _aالباعة وفن البيع
942 _2ddc
_cBK
999 _c9290
_d9290